000 02012ncm0a2200361 4500
001 RU\NLR\ONIZ\212270
005 20250624195707.0
021 _aRU
_b10-347н
_910-28н
035 _aRU\NLR\ONIZ\Таня\5000002542\20150629161127
035 _a(NLR Aleph) 010891797
090 _a10558167
_c10558167
100 _a20150629d2010 |||y0rusy50 ca
101 0 _arus
102 _aRU
125 _azx
145 0 _au
200 1 _a100 мелодий в звуках и нотах
_bНоты
_eнот. прил. для преподавателей
_eсольфеджио [1-й класс муз. школы]
_fН. Кирпичникова, В. Кирпичников
210 _aСанкт-Петербург
_cСоюз художников
_d2010
215 _a29, [1] с.
_d29 см
313 _aСистематизация документа проведена по изданию - Методика классифицирования музыкальных произведений (нотных изданий) по таблицам Библиотечно-библиографических классификаций : метод. рекомендации / Гос. б-ка СССР им. В.И. Ленина.- М., 1977. Индексу ББК методических рекомендаций присваивается код ББК для научных библиотек - LBC/SL
686 _aЩ907.11(2Р)
_vLBC/SL
_2rubbk
700 1 _9z01790
_aКирпичникова
_bН. В.
_gНина Валентиновна
_4070
701 1 _9z02790
_aКирпичников
_bВ. В.
_gВсеволод Вадимович
_4070
790 1 _9z01700
_aKirpichnikova
_bN. V.
_gNina Valentinovna
_4070
790 1 _9z02701
_aKirpichnikov
_bV. V.
_gVsevolod Vadimovich
_4070
801 0 _aRU
_bNLR
_c20150629
_gPSBO
801 1 _aRU
_bNLR
_c20150629
_2rusmarc
801 2 _aRU
_bNLR
_c20190630
852 _aNLR
_bМ
_jК-3/27336
_pМОЭ 2010-28н/347н
_t1
942 _cSCORE
980 _aNB
980 _aONIZ